| 000 | 02844nam0a2200469 4500 | ||
|---|---|---|---|
| 001 | RU\NLR\BIBL_A\022509163 | ||
| 005 | 20250527101431.0 | ||
| 010 | _a978-5-317-07333-6 | ||
| 010 |
_a978-5-317-07331-2 _91000 |
||
| 021 |
_aRU _bКН-П-25-006869 _9КН-П-25-0676 |
||
| 035 | _a(NLR Aleph) 022509163 | ||
| 090 |
_a13391965 _c13391965 |
||
| 100 | _a20250402d2024 k y0rusy50 ca | ||
| 101 | 0 |
_arus _deng |
|
| 102 | _aRU | ||
| 105 | _aa z 010yy | ||
| 181 | 0 |
_ai3 _baxxe |
|
| 182 | 0 | _an | |
| 200 | 1 |
_aСовременная педагогика: взаимосвязь традиций и инноваций _eмонография _f[Архиповская Елена Петровна, преподаватель, Ахматов Зелимхан Мовлаевич, Байбородова Людмила Васильевна, доктор педагогических наук, профессор и др.] _gнаучные редакторы Борисенков В. П., д. п. н., проф., академик РАО, Тореева Т. А., к. философ. н., доцент _gМосковский государственный университет имени М. В. Ломоносова, Факультет педагогического образования |
|
| 203 |
_aТекст _bвизуальный _cнепосредственный |
||
| 210 |
_aМосква _cМакс-Пресс _d2024 |
||
| 215 |
_a534 с. _cил., цв. ил., табл. _d22 |
||
| 300 | _aАвт. указаны на 530-й с. | ||
| 300 | _aНа тит. с.: Навстречу 270-летию МГУ им. М. В. Ломоносова | ||
| 300 | _aНа обл.: 270 МГУ, 1755-2025 | ||
| 300 | _aРез. англ. | ||
| 300 | _aДоп. информ. в ссылке QR-кода кн. | ||
| 320 | _aБиблиогр. в конце разделов | ||
| 606 | 1 |
_aПедагогика _xМетодология _2nlr_sh1 _2nlr_sh2 _3RU\NLR\AUTH\66834471 |
|
| 606 | 1 |
_aИнновации педагогические _2nlr_sh2 _3RU\NLR\auth\661254463 |
|
| 686 | 1 | _aЧ30в | |
| 686 | 1 | _aЧ312 | |
| 701 | 1 |
_aАрхиповская _bЕ. П. _gЕлена Петровна |
|
| 701 | 1 |
_aАхматов _bЗ. М. _gЗелимхан Мовлаевич |
|
| 701 | 1 |
_aБайбородова _bЛ. В. _cд-р пед. наук _f1952- _gЛюдмила Васильевна _3RU\NLR\AUTH\77100504 |
|
| 702 | 1 |
_aБорисенков _bВ. П. _cд-р пед. наук _f1939- _gВладимир Пантелеймонович _3RU\NLR\AUTH\770245605 _4340 |
|
| 712 | 0 | 2 |
_aМГУ им. М. В. Ломоносова _bФакультет педагогического образования _3RU\NLR\AUTH\8810200249 _4570 |
| 942 | _cBOOK | ||
| 980 | _aNB | ||